Qanoon (Urdu) / (Record no. 565957)

000 -LEADER
fixed length control field 00295nam a2200121Ia 4500
008 - FIXED-LENGTH DATA ELEMENTS--GENERAL INFORMATION
fixed length control field 210430s9999 xx 000 0 und d
082 ## - DEWEY DECIMAL CLASSIFICATION NUMBER
Classification number 300B297Q
100 ## - MAIN ENTRY--PERSONAL NAME
Personal name Fredrick Bastiat
9 (RLIN) 129699
245 ## - TITLE STATEMENT
Title Qanoon (Urdu) /
Statement of responsibility, etc. Bastiyat
260 ## - PUBLICATION, DISTRIBUTION, ETC.
Place of publication, distribution, etc. islamabad
Date of publication, distribution, etc. 2011
300 ## - PHYSICAL DESCRIPTION
Extent 78p.
942 ## - ADDED ENTRY ELEMENTS (KOHA)
Koha item type Book
Source of classification or shelving scheme
Holdings
Withdrawn status Lost status Source of classification or shelving scheme Damaged status Not for loan Permanent Location Current Location Shelving location Date acquired Full call number Barcode Date last seen Price effective from Koha item type
          School of Chemical & Materials Engineering (SCME) School of Chemical & Materials Engineering (SCME) Book Cart 04/18/2012 300 B297Q SCME- D198 04/30/2021 04/30/2021 Book
© 2023 Central Library, National University of Sciences and Technology. All Rights Reserved.